000 00294nam a22001337a 4500
008 170424b xxu||||| |||| 00| 0 eng d
020 _a9781599841946
041 _aeng
080 _22ND
_a54
100 _a12
101 _aSHM
245 _aGENERAL CHEMI9STRY
_cCLEMENT, B.A
942 _2udc
_cBK
999 _c11596
_d11596